[Event "Bayern-chTT (RL Nord-Ost)"]
[Site "Bayern 2008/09"]
[Date "2008.10.05"]
[Round "1.2"]
[White "Blodig, Reinhard"]
[Black "Albrecht, Hans(57)"]
[Result "1-0"]
[WhiteElo "2067"]
[BlackElo "2091"]
[PlyCount "87"]
[EventDate "2009.03.??"]
[EventType "team-tourn"]
[EventRounds "9"]
[WhiteTeam "Dietfurt 1"]
[BlackTeam "Altensittenbach 1"]

1. g3 e5 2. c4 Nf6 3. Bg2 Bc5 4. Nc3 O-O 5. e3 d6 6. Nge2 a6 7. O-O Nc6 8. d3
Rb8 9. a3 Bf5 10. b4 Ba7 11. Qd2 Qd7 12. d4 exd4 13. exd4 Bh3 14. Bxh3 Qxh3 15.
Nf4 Qd7 16. Nce2 Rbe8 17. Ra2 d5 18. b5 axb5 19. cxb5 Ne7 20. a4 Ra8 21. Ba3
Rfe8 22. f3 Bb6 23. Bb4 Ng6 24. Kg2 c6 25. a5 Bc7 26. bxc6 bxc6 27. a6 Bb6 28.
Rc1 Nxf4+ 29. Nxf4 Ra7 30. Bc5 Bxc5 31. Rxc5 Rb8 32. Nd3 Qc8 33. Nb4 Rb6 34.
Qc3 Rc7 35. a7 Qa8 36. Nxd5 Nxd5 37. Rxd5 Rc8 38. Rda5 Rd8 39. Rb2 Rxb2+ 40.
Qxb2 g6 41. Qb6 Re8 42. Ra2 Kg7 43. Qc7 Re3 44. Qb8 1-0

[Event "Bayern-chTT (RL Nord-Ost)"]
[Site "Bayern 2008/09"]
[Date "2008.10.05"]
[Round "1.3"]
[White "Roeder, Frank"]
[Black "Palkova, Katerina"]
[Result "1-0"]
[WhiteElo "2153"]
[BlackElo "2054"]
[PlyCount "97"]
[EventDate "2009.03.??"]
[EventType "team-tourn"]
[EventRounds "9"]
[WhiteTeam "Altensittenbach 1"]
[BlackTeam "Dietfurt 1"]

1. e4 d6 2. d4 Nf6 3. Nc3 c6 4. a4 g6 5. f4 Bg7 6. Nf3 O-O 7. Bd3 Nbd7 8. O-O
e5 9. Kh1 Re8 10. dxe5 dxe5 11. fxe5 Nxe5 12. Nxe5 Rxe5 13. Bf4 Re8 14. Qf3 Bg4
15. Qf2 Nh5 16. Be3 Be6 17. Be2 Qa5 18. Qh4 Bxc3 19. bxc3 Qxc3 20. Bg5 Bc4 21.
Bxh5 Bxf1 22. Rxf1 Qc4 23. Re1 Re5 24. Bf3 f5 25. Bf6 Re6 26. exf5 Qxh4 27.
Bxh4 Rxe1+ 28. Bxe1 gxf5 29. Kg1 Rd8 30. Bc3 Kf7 31. Kf2 Ke6 32. Ke3 Rg8 33.
Kf4 Rg6 34. g3 Rg8 35. Be2 Kd6 36. Kxf5 Re8 37. Bd3 Kd5 38. Kg5 Re7 39. Bf6 Rf7
40. h4 c5 41. c4+ Ke6 42. Bf5+ Kd6 43. h5 a6 44. h6 b5 45. cxb5 axb5 46. axb5
Rb7 47. Be4 Rxb5 48. Bxh7 c4+ 49. Bf5 1-0

[Event "Bayern-chTT (RL Nord-Ost)"]
[Site "Bayern 2008/09"]
[Date "2008.10.05"]
[Round "1.4"]
[White "Bader, Dominic"]
[Black "Roeder, Gerd Dr"]
[Result "1/2-1/2"]
[WhiteElo "1936"]
[BlackElo "2209"]
[PlyCount "28"]
[EventDate "2009.03.??"]
[EventType "team-tourn"]
[EventRounds "9"]
[WhiteTeam "Dietfurt 1"]
[BlackTeam "Altensittenbach 1"]

1. e4 c5 2. Nf3 Nc6 3. d4 cxd4 4. Nxd4 Nf6 5. Nc3 e5 6. Ndb5 d6 7. Be3 a6 8.
Na3 b5 9. Nd5 Nxd5 10. exd5 Ne7 11. c4 Nf5 12. Bd2 bxc4 13. Nxc4 Rb8 14. Bd3 g6
1/2-1/2

[Event "Bayern-chTT (RL Nord-Ost)"]
[Site "Bayern 2008/09"]
[Date "2008.10.05"]
[Round "1.5"]
[White "Wallinger, Manfred"]
[Black "Blodig, Carolin"]
[Result "1/2-1/2"]
[WhiteElo "2142"]
[BlackElo "1915"]
[PlyCount "90"]
[EventDate "2009.03.??"]
[EventType "team-tourn"]
[EventRounds "9"]
[WhiteTeam "Altensittenbach 1"]
[BlackTeam "Dietfurt 1"]

1. d4 f5 2. c4 g6 3. Nc3 Nf6 4. g3 Bg7 5. Bg2 O-O 6. Nf3 d6 7. O-O Qe8 8. Qb3
Kh8 9. d5 a5 10. Be3 Na6 11. Rad1 h6 12. Nd4 Ng4 13. Bc1 Ne5 14. f4 Nc5 15. Qc2
Nxc4 16. Ncb5 Bxd4+ 17. Nxd4 Nb6 18. b3 Qf7 19. Bb2 Kh7 20. Ne6 Bxe6 21. dxe6
Qxe6 22. Rfe1 c6 23. Bd4 Nbd7 24. e4 Nxe4 25. Bxe4 fxe4 26. Rxe4 Qf7 27. Rde1
Rae8 28. Re6 Nf6 29. Qd2 Nd5 30. Qxa5 Qf5 31. Qa7 Qd3 32. Ba1 Qb5 33. Qf2 Rf7
34. Rxd6 Nb4 35. Rde6 Nd3 36. Qc2 Qc5+ 37. Qxc5 Nxc5 38. R6e3 Na6 39. Bc3 Nc7
40. R3e2 Nd5 41. Bd4 Rd8 42. Bc5 Rd7 43. a4 b6 44. Ba3 c5 45. Rd2 Rf6 1/2-1/2

[Event "Bayern-chTT (RL Nord-Ost)"]
[Site "Bayern 2008/09"]
[Date "2008.10.05"]
[Round "1.6"]
[White "Aigner, Georg"]
[Black "Endres, Christian(90)"]
[Result "0-1"]
[WhiteElo "1863"]
[BlackElo "2002"]
[PlyCount "100"]
[EventDate "2009.03.??"]
[EventType "team-tourn"]
[EventRounds "9"]
[WhiteTeam "Dietfurt 1"]
[BlackTeam "Altensittenbach 1"]

1. e4 c5 2. Nf3 Nc6 3. Nc3 Nf6 4. Bc4 g6 5. O-O d6 6. d4 Bg4 7. d5 Nd4 8. Be2
Bxf3 9. Bxf3 Bg7 10. Qd3 Nd7 11. Bd1 O-O 12. f4 Rb8 13. Ne2 b5 14. c3 c4 15.
Qg3 Nxe2+ 16. Bxe2 Nc5 17. Qf3 Qc7 18. Bd2 a5 19. Rac1 f5 20. exf5 gxf5 21. Qe3
Qb7 22. Bf3 Nd3 23. Rc2 a4 24. a3 Kh8 25. Be1 Bf6 26. Rd2 Rg8 27. Bg3 Rbf8 28.
Be2 Nc5 29. Bf3 Qa8 30. Bf2 Rf7 31. Qe1 Nd3 32. Qe6 Qf8 33. Bg3 Nc5 34. Qe1 Qh6
35. Bf2 Nd3 36. Qe6 Qg6 37. g3 Nxf4 38. Qd7 Nd3 39. Qxb5 Ne5 40. Be3 Bg5 41.
Bxg5 Qxg5 42. Rdf2 f4 43. g4 Nxf3+ 44. Rxf3 Qxg4+ 45. Kf2 Rf5 46. Ke2 Re5+ 47.
Kd2 Qh5 48. Qxc4 Rg2+ 49. Kc1 Qxf3 50. Kb1 Qe4+ 0-1

[Event "Bayern-chTT (RL Nord-Ost)"]
[Site "Bayern 2008/09"]
[Date "2008.10.05"]
[Round "1.7"]
[White "Ammon, Tobias"]
[Black "Bothe, Matthias"]
[Result "1-0"]
[WhiteElo "1945"]
[BlackElo "1840"]
[PlyCount "91"]
[EventDate "2009.03.??"]
[EventType "team-tourn"]
[EventRounds "9"]
[WhiteTeam "Altensittenbach 1"]
[BlackTeam "Dietfurt 1"]

1. e4 e6 2. d4 d5 3. Nc3 Bb4 4. e5 c5 5. Bd2 Nc6 6. Nb5 Bxd2+ 7. Qxd2 cxd4 8.
Nd6+ Kf8 9. f4 Nge7 10. Nf3 Qb6 11. O-O-O Nf5 12. Nxf5 exf5 13. Nxd4 Nxd4 14.
Qxd4 Qxd4 15. Rxd4 Be6 16. Be2 Ke7 17. Bf3 Rhd8 18. Rhd1 Rac8 19. Bxd5 Rxd5 20.
Rxd5 Bxd5 21. Rxd5 Rc6 22. g3 f6 23. exf6+ Kxf6 24. Rd7 Rb6 25. c4 h6 26. Kc2
g5 27. Kc3 a5 28. Rd5 Ra6 29. Rb5 gxf4 30. gxf4 Re6 31. Rxb7 Re3+ 32. Kd4 Re4+
33. Kd5 Rxf4 34. Rb6+ Kg5 35. c5 Rf2 36. c6 Rxh2 37. c7 Rd2+ 38. Ke6 Rc2 39.
Kd7 Rxc7+ 40. Kxc7 f4 41. Rb5+ Kg4 42. Rxa5 f3 43. Ra8 f2 44. Rf8 Kg3 45. a4 h5
46. a5 1-0

[Event "Bayern-chTT (RL Nord-Ost)"]
[Site "Bayern 2008/09"]
[Date "2008.10.05"]
[Round "1.8"]
[White "Egert, Stefan"]
[Black "Schwarm, Werner"]
[Result "1/2-1/2"]
[WhiteElo "1835"]
[BlackElo "1808"]
[PlyCount "28"]
[EventDate "2009.03.??"]
[EventType "team-tourn"]
[EventRounds "9"]
[WhiteTeam "Dietfurt 1"]
[BlackTeam "Altensittenbach 1"]

1. e4 Nc6 2. d4 e5 3. Nf3 exd4 4. Nxd4 Bc5 5. Be3 Bxd4 6. Bxd4 Nxd4 7. Qxd4 Qf6
8. c3 d6 9. Na3 a6 10. Be2 Ne7 11. Qxf6 gxf6 12. O-O-O Be6 13. Bc4 O-O-O 14.
Bd5 c6 1/2-1/2

[Event "Bayern-chTT (RL Nord-Ost)"]
[Site "Bayern 2008/09"]
[Date "2008.10.05"]
[Round "1.1"]
[White "Mueller, Christian(72)"]
[Black "Van Ginkel, Pieter"]
[Result "1-0"]
[WhiteElo "2061"]
[BlackElo "2221"]
[PlyCount "95"]
[EventDate "2009.03.??"]
[EventType "team-tourn"]
[EventRounds "9"]
[WhiteTeam "Windischeschenbach 1"]
[BlackTeam "Nürnberg-SW 1"]

1. d4 d5 2. Nf3 c5 3. c3 e6 4. Bf4 Bd6 5. Bg3 Nf6 6. e3 O-O 7. Nbd2 b6 8. Ne5
Qc7 9. f4 Ba6 10. Bxa6 Nxa6 11. O-O Rae8 12. Bh4 Nd7 13. Qg4 Nab8 14. Rf3 f6
15. Nxd7 Qxd7 16. Raf1 f5 17. Qh3 Qb5 18. R3f2 Qd3 19. Qf3 b5 20. Rd1 Nd7 21.
Nb1 Qe4 22. Qe2 cxd4 23. cxd4 b4 24. Rd3 Rc8 25. Nd2 Rc1+ 26. Rf1 Rc2 27. Nxe4
Rxe2 28. Nxd6 Rb8 29. Rb3 Rc2 30. a3 a5 31. a4 Nb6 32. Ra1 Nc4 33. Be7 Nxb2 34.
h3 Nc4 35. Nb5 Re2 36. Rc1 Ra2 37. Nc3 Rd2 38. Nb5 Ra2 39. Nc3 Rd2 40. Nd1 Ra2
41. Bc5 Kf7 42. Nc3 Rd2 43. Nb5 Nb2 44. Bd6 Ra8 45. Rc7+ Kg6 46. Be5 Nxa4 47.
Rxg7+ Kh6 48. Rg5 1-0

[Event "Bayern-chTT (RL Nord-Ost)"]
[Site "Bayern 2008/09"]
[Date "2008.10.05"]
[Round "1.3"]
[White "Laubert, Johannes"]
[Black "Stiller, Juergen"]
[Result "0-1"]
[WhiteElo "2067"]
[BlackElo "2164"]
[PlyCount "44"]
[EventDate "2009.03.??"]
[EventType "team-tourn"]
[EventRounds "9"]
[WhiteTeam "Windischeschenbach 1"]
[BlackTeam "Nürnberg-SW 1"]

1. d4 Nf6 2. Nf3 g6 3. Nc3 Bg7 4. e4 d6 5. Bf4 c6 6. Qd2 Bg4 7. Be2 e6 8. Bh6
Bxh6 9. Qxh6 Bxf3 10. Bxf3 d5 11. e5 Nfd7 12. O-O-O Qe7 13. Be2 a6 14. f4 c5
15. dxc5 Qxc5 16. Bf3 Nc6 17. Rhe1 O-O-O 18. g4 Nb6 19. f5 Nc4 20. Qg7 Qb4 21.
Rd3 Qxb2+ 22. Kd1 Nb4 0-1

[Event "Bayern-chTT (RL Nord-Ost)"]
[Site "Bayern 2008/09"]
[Date "2008.10.05"]
[Round "1.4"]
[White "Meulner, Klaus"]
[Black "Kaeck, Ralf"]
[Result "1-0"]
[WhiteElo "2069"]
[BlackElo "1987"]
[PlyCount "55"]
[EventDate "2009.03.??"]
[EventType "team-tourn"]
[EventRounds "9"]
[WhiteTeam "Nürnberg-SW 1"]
[BlackTeam "Windischeschenbach 1"]

1. d4 Nf6 2. Bg5 g6 3. Bxf6 exf6 4. c4 f5 5. e3 Bg7 6. Nc3 O-O 7. g3 d6 8. Nge2
Nd7 9. Bg2 Nf6 10. O-O Re8 11. Qd3 c6 12. b4 Rb8 13. a4 Qc7 14. a5 b6 15. axb6
axb6 16. b5 c5 17. Nf4 cxd4 18. exd4 Qe7 19. Bc6 Bd7 20. Ra7 Qd8 21. Nfd5 Bxc6
22. bxc6 Nxd5 23. Nxd5 Qc8 24. c7 Rb7 25. Rxb7 Qxb7 26. Rb1 Kf8 27. Rxb6 Qa7
28. Kg2 1-0

[Event "Bayern-chTT (RL Nord-Ost)"]
[Site "Bayern 2008/09"]
[Date "2008.10.05"]
[Round "1.6"]
[White "Erlbeck, Peter"]
[Black "Zimmermann, Andre(85)"]
[Result "1-0"]
[WhiteElo "2051"]
[BlackElo "1972"]
[PlyCount "73"]
[EventDate "2009.03.??"]
[EventType "team-tourn"]
[EventRounds "9"]
[WhiteTeam "Nürnberg-SW 1"]
[BlackTeam "Windischeschenbach 1"]

1. e4 e6 2. d4 d5 3. e5 c5 4. c3 Nc6 5. Nf3 Bd7 6. a3 Qc7 7. Bd3 f6 8. Bf4
O-O-O 9. Bg3 f5 10. O-O Be7 11. h4 Rf8 12. Qd2 h6 13. c4 f4 14. Bxf4 g5 15. Bg3
Rxf3 16. gxf3 Nxd4 17. Qd1 gxh4 18. Bh2 dxc4 19. Be4 Bc6 20. Nd2 Bd5 21. Qa4 b5
22. Qa6+ Bb7 23. Qxa7 Nc6 24. Bxc6 Qxc6 25. Ne4 Rh7 26. Rfd1 Rg7+ 27. Kf1 h3
28. Rd6 Bxd6 29. Nxd6+ Kc7 30. Rd1 Qxf3 31. Ne8+ Kc8 32. Qxc5+ Bc6 33. Nd6+ Kb8
34. Qb6+ Bb7 35. Qd8+ Ka7 36. Nxb5+ Ka6 37. Rd6+ 1-0

[Event "Bayern-chTT (RL Nord-Ost)"]
[Site "Bayern 2008/09"]
[Date "2008.10.05"]
[Round "1.7"]
[White "Simmerl, Stefan"]
[Black "Woerl, Richard"]
[Result "1/2-1/2"]
[WhiteElo "1875"]
[BlackElo "1911"]
[PlyCount "61"]
[EventDate "2009.03.??"]
[EventType "team-tourn"]
[EventRounds "9"]
[WhiteTeam "Windischeschenbach 1"]
[BlackTeam "Nürnberg-SW 1"]

1. d4 d5 2. Nf3 Nf6 3. e3 Bf5 4. c4 e6 5. Qb3 b6 6. cxd5 exd5 7. Nc3 c6 8. Bd2
Bd6 9. Rc1 O-O 10. Be2 Ne4 11. O-O Nd7 12. Nb1 Qf6 13. Bb4 Bxb4 14. Qxb4 c5 15.
dxc5 bxc5 16. Qa3 Rab8 17. Nc3 Nxc3 18. Rxc3 d4 19. exd4 cxd4 20. Rc4 Ne5 21.
Nxe5 Qxe5 22. Bd3 Bxd3 23. Qxd3 Rxb2 24. Qxd4 Qxd4 25. Rxd4 Rxa2 26. Rd7 Ra8
27. Rc1 g6 28. g3 a5 29. Rcc7 Rf8 30. Ra7 a4 31. Rd4 1/2-1/2

[Event "Bayern-chTT (RL Nord-Ost)"]
[Site "Bayern 2008/09"]
[Date "2008.10.05"]
[Round "1.8"]
[White "Stoessel, Horst"]
[Black "Fuetterer, Robert"]
[Result "1-0"]
[WhiteElo "2064"]
[BlackElo "1764"]
[PlyCount "153"]
[EventDate "2009.03.??"]
[EventType "team-tourn"]
[EventRounds "9"]
[WhiteTeam "Nürnberg-SW 1"]
[BlackTeam "Windischeschenbach 1"]

1. e4 c6 2. d4 d5 3. exd5 cxd5 4. Bd3 Nc6 5. c3 g6 6. Bf4 Bg7 7. Nf3 Nh6 8. Qd2
Ng4 9. h3 Nf6 10. Bh6 O-O 11. Bxg7 Kxg7 12. Qe3 Qd6 13. O-O Nh5 14. Ne5 f5 15.
f4 Nf6 16. Nd2 Ne4 17. Ndf3 Be6 18. Kh2 Rad8 19. Rg1 Bc8 20. Raf1 e6 21. g4 Ne7
22. Nh4 Rf6 23. Rg2 Kh8 24. Kg1 Rg8 25. g5 Rff8 26. Nhf3 Rg7 27. h4 Bd7 28. Nd2
b5 29. a3 Be8 30. Nb3 Nc8 31. Be2 Nb6 32. Nd3 Rff7 33. Nbc5 Re7 34. Qc1 Nd7 35.
Qe3 Nb6 36. Rf3 Nc4 37. Qc1 Ncd2 38. Rh3 Nc4 39. b3 Nb6 40. Bd1 Nd7 41. b4 Qb6
42. Nb3 Nb8 43. Ndc5 Nc6 44. a4 bxa4 45. Nxa4 Qc7 46. Nac5 a5 47. b5 Na7 48.
Ra2 Nxb5 49. Rxa5 Nxc5 50. dxc5 e5 51. Be2 Na7 52. Rf3 exf4 53. Bd3 Nc6 54. Ra8
Qb7 55. Qa3 Ne5 56. Rh3 Ng4 57. Bf1 Re1 58. Rf3 Rge7 59. Nd4 Qb1 60. Qa2 Qe4
61. Qd2 Re3 62. Bg2 Re1+ 63. Bf1 Qb1 64. Qc2 Qb7 65. Qa2 Ne3 66. c6 Qc7 67. Qa6
Qe5 68. Qd3 Rxf1+ 69. Rxf1 Nxf1 70. Qxf1 Qe3+ 71. Qf2 Qc1+ 72. Kg2 Qxc3 73. Ra2
Re3 74. Nf3 d4 75. c7 Bc6 76. c8=Q+ Kg7 77. Ra7+ 1-0

[Event "Bayern-chTT (RL Nord-Ost)"]
[Site "Bayern 2008/09"]
[Date "2008.10.05"]
[Round "1.2"]
[White "Appel, Helmut(75)"]
[Black "Paerr, Manfred"]
[Result "1-0"]
[WhiteElo "2161"]
[BlackElo "2118"]
[PlyCount "87"]
[EventDate "2009.03.??"]
[EventType "team-tourn"]
[EventRounds "9"]
[WhiteTeam "Kareth-Lappersdorf 1"]
[BlackTeam "Regensburg-Fortuna 2"]

1. e4 e5 2. Nf3 Nc6 3. d4 exd4 4. Bc4 d6 5. Nxd4 Nf6 6. O-O Be7 7. Nxc6 bxc6 8.
Bd3 O-O 9. Kh1 d5 10. e5 Ng4 11. f4 Bc5 12. Qe1 f6 13. h3 Nh6 14. Qc3 Qe7 15.
b4 Nf5 16. Qxc5 Qxc5 17. bxc5 Ng3+ 18. Kg1 Nxf1 19. Bxf1 fxe5 20. fxe5 Bf5 21.
Bd3 Rad8 22. Nd2 d4 23. Bxf5 Rxf5 24. Nf3 Rd5 25. Rb1 Rxc5 26. Rb8+ Kf7 27. e6+
Kf6 28. e7 Kxe7 29. Ba3 Kd7 30. Bxc5 Rxc5 31. Rb4 Rxc2 32. Rxd4+ Ke6 33. Ra4
Kd5 34. Rxa7 c5 35. Rxc7 Rxa2 36. Rxg7 c4 37. Rxh7 c3 38. Rc7 Ra3 39. h4 Ke4
40. h5 Kd3 41. h6 Ra1+ 42. Kf2 Rh1 43. h7 Kc2 44. g4 1-0

[Event "Bayern-chTT (RL Nord-Ost)"]
[Site "Bayern 2008/09"]
[Date "2008.10.05"]
[Round "1.3"]
[White "Wasl, Ernst"]
[Black "Seidl, Juergen Dr(68)"]
[Result "0-1"]
[WhiteElo "2054"]
[BlackElo "2097"]
[PlyCount "94"]
[EventDate "2009.03.??"]
[EventType "team-tourn"]
[EventRounds "9"]
[WhiteTeam "Regensburg-Fortuna 2"]
[BlackTeam "Kareth-Lappersdorf 1"]

1. e4 e6 2. d4 d5 3. exd5 exd5 4. Nf3 Bd6 5. Bd3 Bg4 6. h3 Bh5 7. O-O Ne7 8. c3
Nbc6 9. Re1 Qd7 10. Nbd2 Bg6 11. Nf1 O-O 12. Ne5 Nxe5 13. dxe5 Bc5 14. Be3 Bb6
15. Bxb6 axb6 16. f4 Ra4 17. g3 Rfa8 18. Bxg6 hxg6 19. a3 Qxh3 20. Re2 Qg4 21.
Qd2 c6 22. Rae1 Qe6 23. Rh2 d4 24. Qg2 dxc3 25. Qh1 f6 26. bxc3 Rxa3 27. Ree2
Ra2 28. Rxa2 Rxa2 29. Rxa2 Qxa2 30. exf6 gxf6 31. Qe4 Kf7 32. c4 Qb3 33. Ne3 b5
34. g4 Qb2 35. cxb5 Qxb5 36. Kf2 Qc5 37. Kg3 Qc3 38. Kh4 Qe1+ 39. Kh3 Nd5 40.
Nc4 Qf1+ 41. Kg3 Qg1+ 42. Kh3 Qf2 43. Nd6+ Kg7 44. g5 Nxf4+ 45. Kg4 f5+ 46.
Nxf5+ gxf5+ 47. Qxf5 Qg2+ 0-1

[Event "Bayern-chTT (RL Nord-Ost)"]
[Site "Bayern 2008/09"]
[Date "2008.10.05"]
[Round "1.4"]
[White "Strobel, Christian"]
[Black "Kirschbaum, Heinrich"]
[Result "1-0"]
[WhiteElo "2092"]
[BlackElo "2046"]
[PlyCount "123"]
[EventDate "2009.03.??"]
[EventType "team-tourn"]
[EventRounds "9"]
[WhiteTeam "Kareth-Lappersdorf 1"]
[BlackTeam "Regensburg-Fortuna 2"]

1. e4 g6 2. Nc3 Bg7 3. g3 d6 4. Bg2 e5 5. d3 Nc6 6. Be3 Nf6 7. h3 O-O 8. Qd2
Be6 9. Nd5 Bxd5 10. exd5 Ne7 11. Bg5 Qd7 12. c4 b5 13. Ne2 Rab8 14. Nc3 a6 15.
O-O Nf5 16. Rab1 Ne8 17. g4 Nd4 18. Ne2 Nxe2+ 19. Qxe2 f6 20. Bd2 bxc4 21. dxc4
f5 22. f3 Nf6 23. Bc3 Rbe8 24. Qc2 Bh6 25. Rbe1 Bg7 26. b3 Bh6 27. Qb2 Qg7 28.
f4 fxg4 29. fxe5 dxe5 30. Bxe5 Rxe5 31. Qxe5 Bd2 32. Re2 Bb4 33. Qe3 Nd7 34.
Qe6+ Kh8 35. Rxf8+ Nxf8 36. Qe5 gxh3 37. Bxh3 Bc5+ 38. Kg2 Qxe5 39. Rxe5 Kg7
40. Re8 h5 41. Rc8 Bd6 42. c5 Be5 43. Re8 Bf4 44. Re4 g5 45. d6 cxd6 46. Rxf4
Ng6 47. Rf5 Nh4+ 48. Kg3 Nxf5+ 49. Bxf5 dxc5 50. Bd3 a5 51. Kf3 Kf6 52. Ke4 Ke6
53. Be2 g4 54. Bc4+ Kd6 55. Kf4 Kc6 56. a4 Kd6 57. Bf7 Kc6 58. Bxh5 c4 59. bxc4
Kc5 60. Bxg4 Kxc4 61. Ke4 Kb4 62. Bd7 1-0

[Event "Bayern-chTT (RL Nord-Ost)"]
[Site "Bayern 2008/09"]
[Date "2008.10.05"]
[Round "1.5"]
[White "Thanner, Hans-Peter"]
[Black "Baumer, Andreas"]
[Result "1-0"]
[WhiteElo "2032"]
[BlackElo "1908"]
[PlyCount "141"]
[EventDate "2009.03.??"]
[EventType "team-tourn"]
[EventRounds "9"]
[WhiteTeam "Regensburg-Fortuna 2"]
[BlackTeam "Kareth-Lappersdorf 1"]

1. e4 e6 2. d4 d5 3. Nd2 Nf6 4. e5 Nfd7 5. c3 c5 6. Bd3 Nc6 7. Ne2 cxd4 8. cxd4
f6 9. exf6 Nxf6 10. Nf3 Bd6 11. O-O O-O 12. Bf4 Bxf4 13. Nxf4 Ne4 14. Nh5 g6
15. Ng3 Ng5 16. Nxg5 Qxg5 17. Bb5 Ne7 18. Rc1 h5 19. Rc7 h4 20. f4 Qf6 21. Ne2
a6 22. Ba4 b5 23. Bc2 a5 24. Bd3 Ba6 25. Qd2 b4 26. Bxa6 Rxa6 27. Rfc1 Raa8 28.
Qd3 Nf5 29. R1c6 Rf7 30. Rxf7 Qxf7 31. g4 hxg3 32. hxg3 Qd7 33. Qc2 Ra7 34. Qc5
Kf7 35. Kf2 Ne7 36. Rd6 Qc7 37. Ng1 Qxc5 38. dxc5 Rc7 39. Nf3 Rxc5 40. Ng5+ Ke8
41. Rxe6 Rc2+ 42. Re2 Rxe2+ 43. Kxe2 Kd7 44. g4 Kd6 45. Kd3 Nc6 46. Nf3 Kc5 47.
Nh4 Ne7 48. f5 gxf5 49. Nxf5 Ng6 50. g5 a4 51. Ke3 Kc4 52. Nd4 Kc5 53. Ne6+ Kc4
54. Nd4 Kc5 55. b3 axb3 56. axb3 Kd6 57. Nc2 Kc5 58. Ne1 Kd6 59. Nd3 Ke6 60.
Nf4+ Kf5 61. Nxg6 Kxg6 62. Kf4 d4 63. Ke4 Kxg5 64. Kxd4 Kf5 65. Kc4 Ke5 66.
Kxb4 Kd6 67. Kb5 Kc7 68. Ka6 Kb8 69. Kb6 Ka8 70. b4 Kb8 71. b5 1-0

[Event "Bayern-chTT (RL Nord-Ost)"]
[Site "Bayern 2008/09"]
[Date "2008.10.05"]
[Round "1.6"]
[White "Grossmann, Philipp"]
[Black "Fellner, Guido"]
[Result "1/2-1/2"]
[WhiteElo "1912"]
[BlackElo "1855"]
[PlyCount "45"]
[EventDate "2009.03.??"]
[EventType "team-tourn"]
[EventRounds "9"]
[WhiteTeam "Kareth-Lappersdorf 1"]
[BlackTeam "Regensburg-Fortuna 2"]

1. b4 e5 2. Bb2 f6 3. b5 d5 4. e3 Bb4 5. Nf3 Ne7 6. Be2 O-O 7. O-O Be6 8. c4
dxc4 9. Qc2 Qd5 10. Qa4 a5 11. a3 c3 12. Nxc3 Bxc3 13. Bxc3 Nd7 14. d4 Nb6 15.
Qc2 Bf5 16. Qa2 Qxa2 17. Rxa2 Be6 18. Raa1 Ned5 19. Rac1 e4 20. Nd2 Na4 21. Nb1
Rfc8 22. Bd1 Ndb6 23. Be1 1/2-1/2

[Event "Bayern-chTT (RL Nord-Ost)"]
[Site "Bayern 2008/09"]
[Date "2008.10.05"]
[Round "1.7"]
[White "Albrecht, Stephan(74)"]
[Black "Behrens, Kai"]
[Result "1-0"]
[WhiteElo "1707"]
[BlackElo "1857"]
[PlyCount "69"]
[EventDate "2009.03.??"]
[EventType "team-tourn"]
[EventRounds "9"]
[WhiteTeam "Regensburg-Fortuna 2"]
[BlackTeam "Kareth-Lappersdorf 1"]

1. c4 f5 2. d4 Nf6 3. Nc3 g6 4. g3 Bg7 5. Bg2 c6 6. e4 fxe4 7. Nxe4 Nxe4 8.
Bxe4 d5 9. cxd5 cxd5 10. Bg2 Nc6 11. Be3 Qa5+ 12. Qd2 Qxd2+ 13. Kxd2 e6 14. Ne2
O-O 15. h4 Bd7 16. h5 gxh5 17. Rxh5 Be8 18. Rh4 Bg6 19. Bh3 Rae8 20. Rc1 e5 21.
Bg2 exd4 22. Bxd5+ Kh8 23. Bf4 d3 24. Nc3 Bxc3+ 25. Rxc3 Re2+ 26. Kd1 Rfe8 27.
Be3 Rd8 28. Rxc6 Rxd5 29. Rxg6 Rxb2 30. Rd4 Rbb5 31. Rd6 Rh5 32. Rxd3 Kg8 33.
Rh6 Rb1+ 34. Kc2 Rhb5 35. Rb3 1-0

[Event "Bayern-chTT (RL Nord-Ost)"]
[Site "Bayern 2008/09"]
[Date "2008.10.05"]
[Round "1.8"]
[White "Kappl, Peter"]
[Black "Braun, Dieter Dr(59)"]
[Result "1/2-1/2"]
[WhiteElo "1919"]
[BlackElo "1692"]
[PlyCount "86"]
[EventDate "2009.03.??"]
[EventType "team-tourn"]
[EventRounds "9"]
[WhiteTeam "Kareth-Lappersdorf 1"]
[BlackTeam "Regensburg-Fortuna 2"]

1. c4 Nf6 2. Nc3 g6 3. g3 Bg7 4. Bg2 O-O 5. Nf3 c6 6. O-O Na6 7. d4 Nc7 8. e4
d6 9. Re1 Nd7 10. Bg5 Ne6 11. Be3 Nb6 12. Qb3 c5 13. Rad1 cxd4 14. Nxd4 Nc5 15.
Qc2 Nxc4 16. Bc1 Bg4 17. f3 Bd7 18. Qe2 Ne5 19. h3 Nc6 20. Nxc6 Bxc6 21. Nd5
Ne6 22. h4 Nd4 23. Qf2 Nb5 24. Kh2 e6 25. Nb4 Qc7 26. Bf4 e5 27. Be3 a5 28. Nd5
Bxd5 29. Rxd5 Qd7 30. Bh3 Qe8 31. Bb6 Qc6 32. Be3 Ra6 33. Bf1 Nc7 34. Rc1 Qd7
35. Rxc7 Qxc7 36. Bxa6 bxa6 37. Bb6 Qc4 38. b3 Qc6 39. Bxa5 Rc8 40. Qd2 Bf8 41.
Kg2 Qc2 42. Kf2 Qxd2+ 43. Rxd2 f6 1/2-1/2

[Event "Bayern-chTT (RL Nord-Ost)"]
[Site "Bayern 2008/09"]
[Date "2008.10.05"]
[Round "1.1"]
[White "Schneider, David(90)"]
[Black "Lutz, Dieter"]
[Result "0-1"]
[WhiteElo "2218"]
[BlackElo "2274"]
[PlyCount "122"]
[EventDate "2009.03.??"]
[EventType "team-tourn"]
[EventRounds "9"]
[WhiteTeam "Großenseebach 1"]
[BlackTeam "Bechhofen 1"]

1. e4 c5 2. Nf3 e6 3. d4 cxd4 4. Nxd4 Qb6 5. Nb3 Qc7 6. Bd3 a6 7. O-O Nf6 8.
Nc3 d6 9. Qe2 Nbd7 10. f4 b5 11. a4 b4 12. Nd1 Bb7 13. Nf2 Be7 14. Bd2 Nc5 15.
Nd4 Nxd3 16. cxd3 a5 17. Nb5 Qd8 18. e5 dxe5 19. fxe5 Nd5 20. Qg4 O-O 21. Bh6
g6 22. Bxf8 Qxf8 23. Qf3 Bc5 24. d4 Bb6 25. Ne4 Ba6 26. Ned6 Bxb5 27. Nxb5 Rd8
28. Rac1 Ne7 29. Rc4 Nf5 30. Rd1 h5 31. Kh1 Qh6 32. Nd6 Nxd6 33. exd6 Rxd6 34.
Rc8+ Kg7 35. Qe4 Qg5 36. Rc6 Rxc6 37. Qxc6 Qg4 38. Qf3 Qg5 39. d5 exd5 40. Qxd5
Qf4 41. Qd6 Qf2 42. b3 h4 43. Qd3 Qb2 44. Rf1 Bd4 45. Rb1 Qc3 46. Rd1 Be5 47.
Qxc3 bxc3 48. Rd5 Kf6 49. Rxa5 Kf5 50. Rc5 Ke4 51. a5 Bd4 52. Rc7 Kd3 53. Rxf7
c2 54. Rf1 Ke2 55. Rc1 Kd2 56. Rf1 c1=Q 57. Rxc1 Kxc1 58. g3 h3 59. g4 Kc2 60.
a6 Kc3 61. g5 Ba7 0-1

[Event "Bayern-chTT (RL Nord-Ost)"]
[Site "Bayern 2008/09"]
[Date "2008.10.05"]
[Round "1.2"]
[White "Alsheimer, Christoph"]
[Black "Seyb, Alexander"]
[Result "1/2-1/2"]
[WhiteElo "2224"]
[BlackElo "2242"]
[PlyCount "126"]
[EventDate "2009.03.??"]
[EventType "team-tourn"]
[EventRounds "9"]
[WhiteTeam "Bechhofen 1"]
[BlackTeam "Großenseebach 1"]

1. d4 Nf6 2. Nf3 e6 3. e3 b6 4. Nbd2 Bb7 5. Bd3 Be7 6. O-O d5 7. b3 O-O 8. Ne5
c5 9. Bb2 Ne4 10. Bxe4 dxe4 11. Qg4 f5 12. Qg3 Bh4 13. Qh3 Bf6 14. Rfd1 Qc7 15.
Qg3 cxd4 16. Bxd4 Nc6 17. Nxc6 Qxg3 18. hxg3 Bxc6 19. Bxf6 gxf6 20. Nc4 Rfd8
21. a4 Kf8 22. Kf1 Rd5 23. Rxd5 Bxd5 24. Na3 Bc6 25. Rd1 Ke7 26. Ke2 Be8 27.
Rh1 Bg6 28. Nb5 a6 29. Na3 Kd6 30. a5 b5 31. b4 Rc8 32. Kd2 e5 33. Kc1 Ke6 34.
Kb2 h5 35. Rd1 Rc6 36. c4 bxc4 37. Kc3 f4 38. exf4 exf4 39. gxf4 Kf5 40. b5
axb5 41. Nxb5 Kxf4 42. Rd6 Be8 43. a6 Rxd6 44. Nxd6 Bc6 45. Nxc4 h4 46. Kd4 Kg4
47. Nd6 f5 48. Ke5 e3 49. fxe3 Bxg2 50. e4 h3 51. a7 h2 52. a8=Q h1=Q 53. Qg8+
Kh5 54. Qh7+ Kg4 55. Qxh1 Bxh1 56. exf5 Kg5 57. Nf7+ Kh5 58. f6 Bc6 59. Kd6 Kg6
60. Ke7 Bd5 61. Nd8 Kf5 62. Nb7 Ke5 63. Nd6 Ba2 1/2-1/2